000 00384 a2200145 4500
020 _a9780439765596 (pbk.)
041 _aspa
100 1 0 _aWilliams, Laura E.
245 _aEl misterio del teatro embrujado / Laura E. Williams
260 _aMx̌ico : Scholastic, 2006
300 _a 135 p. : il. ;
_c19 cm.
440 _a Misterios del faro de mystic
942 _cBK
952 _71
999 _c20950
_d20950